000 00778nam a22002177a 4500
003 UA-OsUOA
001 76660
007 ta
008 20110715b un ||||| |||| 00| 0 ukr d
100 _aКузнєцова С.
090 _a657
_bК89
942 _cSA
040 _aUA-OsUOA
_bukr
_cUA-OsUOA
_dUA-OsUOA
245 _aФорма бухгалтерського обліку та фінансовий менеджмент: трансформація інформаційних можливостей
300 _aС.16-23
955 _a0
041 _aukr
080 _a657
773 0 _w76659
_tБухгалтерський облік і аудит
_dК.
_d2011
_g6
650 7 _a657 Бухгалтерія. Бухгалтерський облік. Рахівництво
_2UDC
999 _c362963
_d362963